Filler impact on rubber blend miscibility (Record no. 59399)

MARC details
000 -LEADER
fixed length control field 00521nam a2200205Ia 4500
100 ## - MAIN ENTRY--AUTHOR NAME
Personal name Thielen G
245 #0 - TITLE STATEMENT
Title Filler impact on rubber blend miscibility
260 ## - PUBLICATION, DISTRIBUTION, ETC. (IMPRINT)
Name of publisher Kautschuk Gummi Kunststoffe
Year of publication 2007
300 ## - PHYSICAL DESCRIPTION
Number of Pages 389-392
650 ## - SUBJECT ADDED ENTRY--TOPICAL TERM
Topical Term Carbon black
650 ## - SUBJECT ADDED ENTRY--TOPICAL TERM
Topical Term E-SBR
650 ## - SUBJECT ADDED ENTRY--TOPICAL TERM
Topical Term IBR
650 ## - SUBJECT ADDED ENTRY--TOPICAL TERM
Topical Term Rubber blends
650 ## - SUBJECT ADDED ENTRY--TOPICAL TERM
Topical Term Silica
650 ## - SUBJECT ADDED ENTRY--TOPICAL TERM
Topical Term S-SBR
650 ## - SUBJECT ADDED ENTRY--TOPICAL TERM
Topical Term Thermodynamics
650 ## - SUBJECT ADDED ENTRY--TOPICAL TERM
Topical Term Upper critical solution temperature (UCST)
942 ## - ADDED ENTRY ELEMENTS (KOHA)
Koha item type Journals
Holdings
Withdrawn status Lost status Damaged status Not for loan Home library Current library Shelving location Date acquired Serial Enumeration / chronology Koha item type
      Journals RRII Library RRII Library Rubber chemistry 25/09/2007 Volume 60, Issue 08-Jul Journals